TLC - No Scrubs lyrics - Statistics

General Stats
  • This quiz has been taken 167 times
  • The average score is 205 of 331
Answer Stats
Hint Answer % Correct
I
99%
verse 1 a
98%
scrub
98%
Chorus | pre-chorus no
97%
don't
96%
want
96%
is
95%
me
95%
guy
94%
be
90%
love
90%
you
90%
get
89%
his
89%
to
89%
the
88%
at
87%
best
87%
from
87%
he
87%
ho
87%
friend's
86%
on
86%
can't
85%
of
85%
passenger
85%
side
85%
and
84%
that
84%
who
84%
then
83%
your
83%
as
82%
think
81%
number
80%
ride
80%
trying
80%
know
79%
my
79%
give
78%
he's
77%
thinks
77%
wanna
76%
hangin'
75%
holla
75%
so
75%
time
75%
what
75%
mine
74%
also
72%
ass
71%
known
71%
always
69%
sits
69%
none
68%
nowhere
68%
broke
67%
wants
67%
just
65%
meet
65%
out
65%
talkin'
65%
bout'
60%
fly
58%
busta
54%
I'm
54%
wit'
54%
in
52%
like
50%
oh
50%
scrubs
49%
but
48%
lookin'
47%
with
45%
approach
44%
car
43%
trash
43%
'cause
41%
class
41%
yes
40%
have
38%
money
38%
cannot
37%
deadbeat
37%
kinda
35%
you're
35%
weak
34%
Bridge if
33%
son
33%
game
32%
home
31%
live
29%
momma
28%
it
27%
not
27%
show
25%
about
24%
check
24%
walkin'
22%
checkin'
20%
verse 3 see
20%
shorty
20%
hear
19%
all
18%
verse 2 well
16%
let
13%
never
11%
I'll
10%
are
9%
somethin'
9%
find
8%
here
8%
mind
8%
big
7%
expand
7%
horizons
7%
risin'
7%
ya
7%
bounce
6%
coast
6%
digital
6%
Gs
6%
leaves
6%
overseas
6%
TV
6%
front
5%
spectacular
5%
surprisin'
5%
turn
5%
back
4%
could
4%
really
4%
satisfy
4%
screens
4%
appetite
3%
focus
3%
inundate
3%
picture
3%
ask
2%
Chilli
2%
diamond
2%
DVD
2%
Filas
2%
forget
2%
intentions
2%
mister
2%
precision
2%
senoritas
2%
silly
2%
spatially
2%
steppin'
2%
though
2%
vernacular
2%
willy
2%
acquisition
1%
clear
1%
detect
1%
envison
1%
expedition
1%
insatiable
1%
T-Boz
1%
No matching quizzes found
Score Distribution
Percent of People with Each Score
Percentile by Number Answered
Your Score History
You have not taken this quiz